<?xml version="1.0" encoding="UTF-8"?><?xml-stylesheet type="text/xsl" href="static/style.xsl"?><OAI-PMH xmlns="http://www.openarchives.org/OAI/2.0/" xmlns:xsi="http://www.w3.org/2001/XMLSchema-instance" xsi:schemaLocation="http://www.openarchives.org/OAI/2.0/ http://www.openarchives.org/OAI/2.0/OAI-PMH.xsd"><responseDate>2026-06-05T03:57:14Z</responseDate><request verb="GetRecord" identifier="oai:riuma.uma.es:10630/46697" metadataPrefix="marc">https://riuma.uma.es/rest/oai/request</request><GetRecord><record><header><identifier>oai:riuma.uma.es:10630/46697</identifier><datestamp>2026-05-28T07:03:59Z</datestamp><setSpec>com_10630_2254</setSpec><setSpec>col_10630_37956</setSpec></header><metadata><record xmlns="http://www.loc.gov/MARC21/slim" xmlns:dcterms="http://purl.org/dc/terms/" xmlns:doc="http://www.lyncode.com/xoai" xmlns:xsi="http://www.w3.org/2001/XMLSchema-instance" xsi:schemaLocation="http://www.loc.gov/MARC21/slim http://www.loc.gov/standards/marcxml/schema/MARC21slim.xsd">
   <leader>00925njm 22002777a 4500</leader>
   <datafield ind2=" " ind1=" " tag="042">
      <subfield code="a">dc</subfield>
   </datafield>
   <datafield ind2=" " ind1=" " tag="720">
      <subfield code="a">Cimadomo, Guido</subfield>
      <subfield code="e">author</subfield>
   </datafield>
   <datafield ind2=" " ind1=" " tag="260">
      <subfield code="c">2025</subfield>
   </datafield>
   <datafield ind2=" " ind1=" " tag="520">
      <subfield code="a">En la bibliografía comentada Oxford Bibliographies sobre Renacimiento y Manierismo, se realiza la entrada relacionada con la arquitectura, configurada en los siguientes apartados:
Introduction
General Overviews
Architecture Practice in the Renaissance
The Use of Mathematics and Proportion
The “Invention” of Perspective
Treatises
Architectural Typologies
	Palaces
	Suburban Villas
	Centralized Plans
	Military Architecture
Urban Planning: The Ideal City
Journals</subfield>
   </datafield>
   <datafield ind1="8" ind2=" " tag="024">
      <subfield code="a">Cimadomo, G. (2025) Architecture of the Renaissance. In M. King (ed.) Oxford Bibliographies in Renaissance and Reformation. Oxford University Press. doi: 10.1093/obo/9780195399301-0547</subfield>
   </datafield>
   <datafield ind1="8" ind2=" " tag="024">
      <subfield code="a">https://hdl.handle.net/10630/46697</subfield>
   </datafield>
   <datafield ind1="8" ind2=" " tag="024">
      <subfield code="a">10.1093/obo/9780195399301-0547</subfield>
   </datafield>
   <datafield tag="653" ind2=" " ind1=" ">
      <subfield code="a">Arquitectura - Historia</subfield>
   </datafield>
   <datafield tag="653" ind2=" " ind1=" ">
      <subfield code="a">Arquitectura renacentista</subfield>
   </datafield>
   <datafield ind2="0" ind1="0" tag="245">
      <subfield code="a">Architecture of the Renaissance.</subfield>
   </datafield>
</record>
</metadata></record></GetRecord></OAI-PMH>